000 00491 a2200169 4500
003 OSt
005 20231227155736.0
008 231227b |||||||| |||| 00| 0 eng d
020 _a9789352292851
040 _coclc
082 _a891.433
_bVIV/G
100 _aVivek, Gyan Prakash
_910224
245 _aGALI NUMBER TERAH /
_c Gyan Prakash Vivek,
260 _aNew Delhi:
_bVani Prakashan,
_c1998.
300 _a107p
942 _2ddc
_cBK
_h891.433
_iVIV/G
_k891.433
_mVIV/G
999 _c43598
_d43598